The collapse of purchasing power parities during the 1970´s (Registro nro. 27052)
[ vista simple ]
| 000 -LEADER | |
|---|---|
| fixed length control field | 00348 a2200109 4500 |
| 001 - CONTROL NUMBER | |
| control field | ART_14818 |
| 005 - DATE AND TIME OF LATEST TRANSACTION | |
| control field | 20260410161914.0 |
| 008 - FIXED-LENGTH DATA ELEMENTS--GENERAL INFORMATION | |
| fixed length control field | 260409a |
| 100 1# - MAIN ENTRY--PERSONAL NAME | |
| Personal name | Frenkel, Jacob |
| 245 10 - TITLE STATEMENT | |
| Title | The collapse of purchasing power parities during the 1970´s |
| 773 0# - HOST ITEM ENTRY | |
| Title | European economic review |
| Related parts | - Vol. 16, Nº 1 (may. 1981) |
| Record control number | REV13346 |
No hay ítems disponibles.